000 00484nam a2200181Ia 4500
005 20250603145515.0
008 250603s9999 xx 000 0 und d
020 _a9789382264583
050 _aTN 879.5 .C43/
100 _aChanda, Sanjoy
245 0 _aPetroleum pipelines: a handbook for onshore oil and gas pipelines
260 _aNew delhi
260 _bCambridge University Press India Pvt. Ltd.
260 _c2013
300 _a227 p
650 _aNew delhi
942 _cBK
999 _c42060
_d42060